Fakten über Kunstwerke - Statistiken

Allgemein
  • Dieses Quiz wurde 95 mal gespielt
  • Das Durchschnittsergebnis liegt bei 4 aus 15
Antwortstatistiken
Frage Antwort % Korrekt
Wer malte die Mona Lisa? Leonardo da Vinci
93%
Wer hat die Sternennacht gemalt? Vincent van Gogh
93%
Wo ist die Mona Lisa ausgestellt? Louvre
82%
Was ist das bekannteste Bild von Rembrandt van Rijn? Die Nachtwache
48%
Wo ist das Bild Campell's Soup Cans ausgestellt? Museum of Modern Arts
26%
Wer malte das Bild Die Freiheit führt das Volk? Eugène Delacroix
19%
Aus welcher Epoche stammt das Bild Die Freiheit führt das Volk? Romantik
19%
Wann wurde die Sternennacht gemalt? 1889
10%
Wann wurde das Bild Die Freiheit führt das Volk gemalt? 1830
6%
Wann malte Rembrandt van Rijn die Nachtwache 1642
4%
Von Andy Warhol 1962 gemalen Campbell's Soup Cans
4%
Wie heisst die Frau auf dem Bild Mona Lisa? Lisa del Giocondo
2%
In welchem Zeitraum malte Leonardo da Vinci die Mona Lisa? 1503 - 1506
1%
Wer malte die Kreuzaufnagelung Christi? Meister der Karlsruher Passion
0%
Wo wurde das Bild die Sternennacht gemalt? Saint-Rémy-de-Provence
0%
Keine übereinstimmenden Quizze gefunden
Verteilung der Resultate
Anzahl Personen mit jedem Resultat
Perzentil nach korrekt beantworteten Fragen
Ihre Resultats-Entwicklung
Sie haben dieses Quiz noch nicht gespielt